00422nam a22001217a 4500003000500000038001800005082000800023100003000031245011600061264003400177700003200211856005700243NUST aNusrat Nadeem a200 aAbdullah, Muhammad Faizan aINTERNATIONAL BUSINESS TRIP REPORT ALTINBAS UNIVERSITY & TURKISH AEROSPACE, TURKEY/cMuhammad Faizan Abdullah,  aIslamabad: bNBS NUST.c2025. aSupervisor: Mr. Naman Ahmed uhttp://10.250.8.41:8080/xmlui/handle/123456789/55872